Tự học Adobe Photoshop 5.5

Salvato in:
Dettagli Bibliografici
Autore principale: ELICOM
Natura: Libro
Lingua:Undetermined
Pubblicazione: H. Hà Nội 2000
Soggetti:
Tags: Aggiungi Tag
Nessun Tag, puoi essere il primo ad aggiungerne! !
Thư viện lưu trữ: Trung tâm Học liệu Trường Đại học Cần Thơ
LEADER 00532nam a2200193Ia 4500
001 CTU_40531
008 210402s9999 xx 000 0 und d
020 |b 53.000đ 
082 |a 006.68 
082 |b T550 
100 |a ELICOM 
245 0 |a Tự học Adobe Photoshop 5.5 
245 0 |c ELICOM 
260 |a H. 
260 |b Hà Nội 
260 |c 2000 
650 |a computer graphics - computer programs,photoshop ( computer programs ) 
904 |i Minh, 010321 
980 |a Trung tâm Học liệu Trường Đại học Cần Thơ